Provinces of the Philippines - Statistics

General Stats
  • This quiz has been taken 4,241 times
    3,142 since last reset
  • The average score is 45 of 81
Answer Stats
Answer % Correct
Cebu
85%
Quezon
80%
Palawan
78%
Batangas
77%
Ilocos Norte
76%
Laguna
76%
Cavite
75%
Ilocos Sur
75%
Leyte
74%
Pampanga
74%
Batanes
71%
Bohol
71%
Cagayan
70%
Pangasinan
69%
Samar
69%
Rizal
68%
Iloilo
67%
Bulacan
66%
Davao del Sur
65%
Abra
64%
Aklan
64%
Benguet
64%
Davao del Norte
64%
Albay
63%
Negros Occidental
63%
Negros Oriental
63%
Romblon
62%
Camarines Sur
61%
Nueva Ecija
61%
Bataan
60%
Camarines Norte
60%
Tarlac
60%
Zamboanga del Norte
60%
Zamboanga del Sur
60%
La Union
59%
Zambales
58%
Aurora
57%
Isabela
57%
Sulu
57%
Antique
55%
Marinduque
55%
Occidental Mindoro
55%
Oriental Mindoro
55%
Tawi-Tawi
55%
Nueva Vizcaya
53%
Apayao
52%
Masbate
51%
Capiz
49%
Catanduanes
49%
Sorsogon
49%
Agusan del Norte
48%
Agusan del Sur
48%
Mountain Province
48%
Davao Oriental
47%
Siquijor
47%
Kalinga
46%
Bukidnon
44%
Cotabato
44%
Ifugao
44%
Misamis Oriental
44%
Surigao del Norte
44%
Surigao del Sur
44%
Lanao del Norte
43%
Misamis Occidental
43%
Zamboanga Sibugay
43%
Basilan
42%
Camiguin
42%
Eastern Samar
42%
Lanao del Sur
42%
Davao Occidental
40%
Guimaras
40%
Northern Samar
40%
Quirino
40%
Maguindanao
39%
Southern Leyte
39%
Biliran
37%
Sarangani
37%
South Cotabato
36%
Sultan Kudarat
34%
Compostela Valley
29%
Dinagat Islands
29%
No matching quizzes found
Score Distribution
Percent of People with Each Score
Percentile by Number Answered
Your Score History
You have not taken this quiz since the last reset